000 01495nam0a2200313 i 4500
001 RU\NLR\BIBL_A\011334957
005 20260405080102.0
021 _aRU
_b2017-6609
_9473
035 _a(NLR Aleph) 011334957
090 _a11155969
_c11155969
100 _a20170227d2016 k y0rusy50 ca
101 0 _arus
_deng
102 _aRU
105 _aa|||z|||000yy
200 1 _aKIAM_DB: база атомных данных для расчетов спектральных свойств плазмы
_fВ.Г. Новиков, А.Д. Соломянная, И.Ю. Вичев, А.С. Грушин
_gИнститут прикладной математики имени М.В. Келдыша Российской академии наук
210 _aМосква
_cИПМ РАН
_d2016
215 _a93 с.
_cил., цв. ил.
_d20
300 _aРез. на англ. яз.
320 _aБиблиогр.: с. 90-93 (49 назв.)
606 _aKIAM_DB, база данных
_92319435
_3RU\NLR\AUTH\6601612693
686 1 _aВ333.1с21
701 1 _aВичев
_bИ. Ю.
_gИлья Юрьевич
701 1 _aГрушин
_bА. С.
_gАлександр Сергеевич
701 1 _7ca
_8rus
_aНовиков
_bВ. Г.
_cд-р физ.-мат. наук
_gВладимир Григорьевич
_910440
_3RU\NLR\AUTH\7727406
701 1 _aСоломянная
_bА. Д.
_gАнна Дмитриевна
942 _cBOOK
980 _aNBR